[Event "Cattolica Primavera op"]
[Site "Cattolica"]
[Date "2022.03.17"]
[Round "3"]
[White "Doshi, Moksh Amitbhai"]
[Black "Damia, Angelo"]
[Result "1-0"]
[WhiteElo "2396"]
[BlackElo "2223"]
[PlyCount "67"]
[EventDate "2022.03.16"]
[EventType "swiss"]
[EventRounds "9"]
[EventCountry "ITA"]
[SourceTitle "CBM 207 Extra"]
[Source "ChessBase"]
[SourceDate "2022.05.31"]
[SourceVersion "1"]
[SourceVersionDate "2022.05.31"]
[SourceQuality "1"]

1. d4 Nf6 2. c4 e6 3. Nf3 d5 4. Nc3 c6 5. Bg5 dxc4 6. a4 Bb4 7. e4 b5 8. Qc2 h6 9. Bh4 Bb7 10. Be2 Nbd7 11. 0-0 a6 12. e5 g5 13. Bg3 Nd5 14. Ne4 Be7 15. Nfd2 c5 16. b3 c3 17. Nxc3 Nxc3 18. Qxc3 cxd4 19. Qxd4 bxa4 20. Ne4 Qb6 21. Rxa4 Qxd4 22. Rxd4 Bxe4 23. Rxe4 0-0 24. Rc4 Rfc8 25. f4 Rxc4 26. Bxc4 Rb8 27. f5 Nc5 28. f6 Bd8 29. Bf2 Bb6 30. Rd1 a5 31. Rd6 Ne4 32. Rxb6 Rd8 33. Be1 a4 34. bxa4 1-0